000 00902nam a2200217 a 4500
001 BRCA_813
005 20190320203148.0
008 960830s1991 sp-a---##b---#000-0#spa-#
020 _a8488044003
040 _aDLC
_cDLC
_dDLC
050 4 _aNK5205.R4
_b.A78 1991
245 1 0 _aArte y tecnología del vidrio
_bReal Fábrica de Cristales de la Granja
_ctextos Víctor Manuel Nieto Alcaide ... [et al.].
260 _aSan Ildefonso, Segovia
_bFundación Centro Nacional del Vidrio : Real Fábrica de Cristales de la Granja : Caja España
_c1991
300 _a141 p.
_bil. a color
_c30 cm.
500 _aEstado físico: encuadernado, enero 2016
504 _aIncluye referencias bibliográficas
610 2 4 _aReal Fábrica de Cristales de San Ildefonso
_xExposiciones
_92708
650 1 4 _aCristalería
_xHistoria
_ySiglo XVIII
_zEspaña
_92709
700 1 _aNieto Alcaide, Víctor Manuel
_92710
942 _2lcc
_cB
999 _c708
_d708